Návrh regulácie elektromotora určeného na pohon mechanického kompresora spaľovacieho motora LGW 702T
Salvato in:
| Autore principale: | |
|---|---|
| Altri autori: | |
| Natura: | Manoscritto Libro |
| Lingua: | slovacco |
| Pubblicazione: |
2023
|
| Soggetti: | |
| Accesso online: | http://is.stuba.sk/zp/portal_zp.pl?podrobnosti=172711 |
| Tags: |
Nessun Tag, puoi essere il primo ad aggiungerne!!
|
MARC
| LEADER | 00000ntm a22000003a 4500 | ||
|---|---|---|---|
| 001 | stuzp94390 | ||
| 003 | SK-STU | ||
| 005 | 20240424094142.5 | ||
| 007 | ta | ||
| 008 | 150427s2015----xo-----f-mn---000-0-slo-d | ||
| 040 | |a STU |b slo | ||
| 041 | 0 | |a slo | |
| 100 | 1 | |a Bystričan, Samuel Ján |u 020030 |4 aut |U SjF Strojnícka fakulta |T SjF Ústav dopravnej techniky a konštruovania |X 98763 |U J0030 |Y 806 |7 98763 | |
| 242 | 0 | 1 | |a Concept of electric motor speed control designed to drive the mechanical compressor of the internal combustion engine LGW 702T |y eng |
| 245 | 1 | 0 | |a Návrh regulácie elektromotora určeného na pohon mechanického kompresora spaľovacieho motora LGW 702T |
| 260 | |c 2023 | ||
| 650 | 4 | |a kompresor |2 slo | |
| 650 | 4 | |a preplňovanie |2 slo | |
| 650 | 4 | |a regulácia |2 slo | |
| 650 | 4 | |a pomerné stlačenie |2 slo | |
| 650 | 4 | |a compressor |2 eng | |
| 650 | 4 | |a supercharging |2 eng | |
| 650 | 4 | |a regulation |2 eng | |
| 650 | 4 | |a pressure ratio |2 eng | |
| 700 | 1 | |a Chríbik, Andrej |u 020030 |k Z1 |4 ths |U SjF Strojnícka fakulta |T SjF Ústav dopravnej techniky a konštruovania |X 26808 |U J0030 |Y 806 |7 A000026808 | |
| 856 | 4 | |u http://is.stuba.sk/zp/portal_zp.pl?podrobnosti=172711 | |
| 996 | |b 284J047510 |c J* 3632/DDP |l JJSK |s A |a 24 |w stuzp94390_0001 | ||